Balzac - Dickens (Registro nro. 87969)

Detalles MARC
000 -ENCABEZADO
Número de control [NR] 00835nam a22002297a 4500
008 - DE LONGITUD FIJA DE DATOS DE ELEMENTOS - INFORMACIÓN GENERAL
Elementos de longitud fija [NR] 130821s1927 fr gr fre
040 ## - FUENTE DE CATALOGACION [NR]
Agencia de catalogación original [NR] Co-BoUCM
Idioma de catalogación [NR] spa
041 00 - CODIGO DE IDIOMA [R]
Código de idioma para texto/pista de sonido o título separado [R] Francés
100 ## - ASIENTO PRINCIPAL--NOMBRE PERSONAL [NR]
Nombre personal [NR] Zweig, Stefan,1881-1942
ID Autoridad 70620
245 00 - MENCION DE TITULO [NR]
Título [NR] Balzac - Dickens
Parte restante del título [NR] Deux grands romanciers du XIXesiècle
Mención de responsabilidad, etc. [NR] Stefan Zweig ; Traduit par Alzir Hella et Oliver Bournac
250 ## - MENCION DE EDICION [NR]
Mención de edición [NR] 3a. ed.
260 ## - PUBLICACION, DISTRIBUCION, ETC. (PIE DE IMPRENTA) [R]
Lugar de publicación, distribución, etc. [R] París (Francia)
Nombre del editor, distribuidor, etc. [R] F. Paillart A Abbeville
Fecha de publicación, distribución, etc. [R] 1927
300 ## - DESCRIPCION FISICA [R]
Extensión [R] 145 páginas
650 04 - ASIENTO SECUNDARIO DE MATERIA - TERMINO TEMATICO [R]
Término temático o nombre geográfico como elemento de entrada [NR] Ensayos alemanes
9 (RLIN) 14548
650 04 - ASIENTO SECUNDARIO DE MATERIA - TERMINO TEMATICO [R]
Término temático o nombre geográfico como elemento de entrada [NR] Historia y crítica
9 (RLIN) 7696
650 04 - ASIENTO SECUNDARIO DE MATERIA - TERMINO TEMATICO [R]
Término temático o nombre geográfico como elemento de entrada [NR] Novela austriaca
9 (RLIN) 20469
650 04 - ASIENTO SECUNDARIO DE MATERIA - TERMINO TEMATICO [R]
Término temático o nombre geográfico como elemento de entrada [NR] Novela francesa
9 (RLIN) 20506
650 04 - ASIENTO SECUNDARIO DE MATERIA - TERMINO TEMATICO [R]
Término temático o nombre geográfico como elemento de entrada [NR] Novela francesa
Subdivisión general [R] Historia y crítica
9 (RLIN) 20506
650 04 - ASIENTO SECUNDARIO DE MATERIA - TERMINO TEMATICO [R]
Término temático o nombre geográfico como elemento de entrada [NR] Novela inglesa
Subdivisión general [R] Historia y crítica
9 (RLIN) 20530
942 ## - ELEMENTOS DE ENTRADA AGREGADOS (KOHA)
Tipo de ítem principal el descrito en 300a Libro
Tema principal Literatura
Edición 3
Parte restante de la signatura top. Z93
Título oculto en OPAC No
Sistema de clasificación DEWEY
Clasificación 809.3
Existencias
Signatura topográfica Código de barras Última vez visto Ejemplar Price effective from Tipo de ítem Perdido Sistema de clasificación Dañado No prestable Tipo de ítem específico Suprimido Ubicación habitual Ubicación actual Localización Fecha de creación Forma de adquisición Costo
FCS 809.3 Z93 120001283 09/07/2012 Ej.1 03/02/2013 Libro   DEWEY     Fondos especiales     Archivo Histórico Archivo histórico 28/02/2003 Donación 1000.00